| Поле | Название | Значение |
| |
Тип записи |
a |
| |
Библиографический уровень |
m |
| 001 |
Контрольный номер |
7baef0d5a48246bdb48e590fb766d215 |
| 005 |
Дата корректировки |
20150409104406.0 |
| 010 |
Индекс ISBN |
__ |
| a |
ISBN |
978-5-9558-0129-2(Вузовский учебник). - 978-5-16-003847-6(ИНФРА-М) |
| 200 |
Заглавие и сведения об ответственности |
1_ |
| a |
Заглавие |
Инвестиции |
| b |
Общее обозначение материала |
Текст |
| e |
Сведения, относящиеся к заглавию |
учебник |
| 210 |
Выходные данные |
1_ |
| a |
Место издания |
М. |
| c |
Издательство |
Вузовский учебник : ИНФРА-М |
| d |
Дата издания |
2011 |
| 215 |
Физическое описание |
__ |
| a |
Объем |
413 с. |
| c |
Иллюстрации/тип воспроизводства |
ил. : табл. |
| 225 |
Серия |
2_ |
| a |
Серия |
Вузовский учебник |
| 330 |
Аннотация |
__ |
| a |
Аннотация |
Рекомендовано УМО вузов России по образованию в области финансов, учета и мировой экономики в качестве учебника для студентов вузов, обучающихся по направлению "Экономика" и специальностям "Финансы и кредит" и "Бухгалтерский учет, анализ и аудит". |
| 606 |
Тематические рубрики |
__ |
| a |
Основная рубрика |
Инвестиции |
| 610 |
Ключевые слова |
0_ |
| a |
Ключевые слова |
учебники |
| a |
Ключевые слова |
инвестиции |
| a |
Ключевые слова |
финансовые инвестиции |
| a |
Ключевые слова |
управление портфелем ценных бумаг |
| a |
Ключевые слова |
реальные инвестиции |
| a |
Ключевые слова |
методы оценки инвестиционных решений |
| a |
Ключевые слова |
инвестиционный проект |
| a |
Ключевые слова |
управление рисками инвестиционных проектов |
| a |
Ключевые слова |
финансирование инвестиций |
| a |
Ключевые слова |
займы |
| a |
Ключевые слова |
инвестиционный менеджмент |
| a |
Ключевые слова |
информационные технологии в инвестиционном менеджменте |
| 686 |
Индексы других классификаций |
__ |
| a |
Классификационный индекс |
65.263 |
| 2 |
Код системы |
rubbk |
| 700 |
Автор |
_1 |
| a |
Фамилия |
Лукасевич |
| b |
Имя |
И. Я. |
| 852 |
Данные о местонахождении |
__ |
| i |
Авторский знак |
Л 84 |
| j |
Шифр хранения |
65.263 |
| 938 |
Служебная информация |
__ |
| a |
Название организации |
Волгоградский филиал |
| b |
Имя БД |
Каталог_ВКИ |
| c |
Название АИБС |
АИБС МАРК-SQL |
| 952 |
Тип литературы |
__ |
| b |
Гриф литературы для ВШ |
гриф УМО |
| c |
Вид литературы |
учебник |